| 000 -ლიდერი |
| ფიქსირებული სიგრძის საკონტროლო ველი |
00982nam a2200229Ia 4500 |
| 001 - საკონტროლო ნომერი |
| საკონტროლო ველი |
3524 |
| 003 - საკონტროლო ნომრის იდენტიფიკატორი |
| საკონტროლო ველი |
GE_BSU |
| 005 - ბოლო ოპერაციის თარიღი და დრო |
| საკონტროლო ველი |
20190530202321.0 |
| 008 - ფიქსირებული სიგრძის მონაცემთა ელემენტები - ზოგადი ინფორმაცია |
| ფიქსირებული სიგრძის საკონტროლო ველი |
181216s1993|||| |||||||||||||| ||geo|| |
| 040 ## - კატალოგიზაციის წყარო |
| Transcribing agency |
GE_BSU |
| 041 ## - ენის კოდი |
| Language code of text/sound track or separate title |
geo |
| 080 ## - უნივერსალური ათობითი კლასიფიკაციის ინდექსი |
| Universal Decimal Classification number |
620.1:539.4(042.4) დ-19 |
| 100 ## - მთავარი ჩანაწერი - პიროვნების სახელი |
| Personal name |
დანელია, დ. |
| 9 (RLIN) |
1885 |
| 245 ## - ცნობა სათაურის შესახებ |
| Title |
მასალათა გამძლეობა : პირველი ნაწილი :ლექციების კონსპექტი / |
| Statement of responsibility, etc |
დ. დანელია ; ზ. მაძაღუა ; გ. ხაზალია ; რედ : ც. არსენიძე. |
| 264 ## - წარმოების, გამოცემის, დისტრიბუციის და სხვა ცნობები |
| გამოცემის, წარმოების, დისტრიბუციის... ადგილი |
თბილისი : |
| გამოცემის, წარმოების, დისტრიბუციის... სახელწოდება |
სტუ, |
| გამოცემის, წარმოების, დისტრიბუციის... თარიღი |
1993. |
| 300 ## - ფიზიკური აღწერა |
| Extent |
71 გვ .: |
| Dimensions |
20 სმ. |
| 653 ## - INDEX TERM--UNCONTROLLED |
| Uncontrolled term |
მასალათა გამძლეობა |
| 700 ## - ADDED ENTRY--PERSONAL NAME |
| Personal name |
მაძაღუა,ზ |
| 9 (RLIN) |
1886 |
| 700 ## - ADDED ENTRY--PERSONAL NAME |
| Personal name |
ხაზალია,გ |
| 9 (RLIN) |
1887 |
| 700 ## - ADDED ENTRY--PERSONAL NAME |
| Personal name |
არსენიძე, ც |
| Relator term |
რედაქტორი |
| 9 (RLIN) |
1557 |
| 942 ## - ADDED ENTRY ELEMENTS (KOHA) |
| Koha item type |
წიგნი |
| Source of classification or shelving scheme |
|